000 00960cam a22002415a 4500
001 L141273
008 071109s2007 xxk of 000 0 eng d
020 _a9781848060159
035 _a(Sirsi) u141273
041 0 _aeng
050 0 4 _a694.01 $2 18
100 1 _aSuttie, Ed
245 0 0 _aModified wood
_ban introduction to products in UK construction
260 _aGarston
_bBRE
_c2007
300 _a12p.
_c30cm.
490 0 _aBRE Digest
_vDG 504
520 _aReviews the technologies that are currently on the UK market for modified wood products and considers their future. Looks at wood as a construction material, wood product durability, modified wood in UK construction, barriers and opportunities, specification of modified wood products, and environment and sustainability.
521 2 _aAdvanced
651 4 _aUnited Kingdom
_y
690 _aBUILT ENVIRONMENT-BUILDING MATERIALS
710 2 _aBuilding Research Establishment
942 _n0
999 _c107621
_d107621